| 000 | 00363pam a2200157a 44500 | ||
|---|---|---|---|
| 008 | 230515b1982 xxu||||| |||| 00| 0 eng d | ||
| 020 | _aNULL | ||
| 041 | _aENGL | ||
| 082 | _a512.220953 /JOS | ||
| 100 | _aJOSHI A.W. | ||
| 245 | _aELEMENTS OF GROUP THEORY OF PHYSICISTS | ||
| 250 | _aN.D. | ||
| 260 |
_aNULL _bWEL _c1982 |
||
| 300 | _a334 PB | ||
| 650 | _aNULL | ||
| 999 |
_c620019 _d620019 |
||